000 00291nam a2200121Ia 4500
008 190722s9999 xx 000 0 und d
020 _a978-81-317-2599-3
100 _aRobert S.Daniell.Rubinfeld
245 0 _aMicroEconomics
260 _aDelhi
_bPearson
_c2009
300 _a674
942 _cBK
999 _c844
_d844